| 000 | 01065cam a22002054a 4500 | ||
|---|---|---|---|
| 005 | 20250605164147.0 | ||
| 008 | 250528s ||||||||||||||||||||||||d | ||
| 035 | _a19203 | ||
| 020 | _a470847077 | ||
| 040 |
_aGR-AtMCL _bgre _dGR-AtMCL _eAACR2 |
||
| 245 | 1 | _aHigh-Involvement Innovation / Building and Sustaining Competitive Advantage Through Continuous Change | |
| 250 | _a1st | ||
| 260 |
_bWiley, _c2003 |
||
| 300 | _a246 | ||
| 520 | _aThis book describes how the involvement of the workplace as a whole can contribute their creativity and experience to help build a culture of continuous innovation. Acknowledgements, Many Hands Make Light Work, Is it Worth it, What's the Problem, A Model for High-Involvement Innovation, Getting the Innovation Habit, Systematic High-Involvement Innovation Capability, Strategic Innovation, Autonomous Innovation, Learning Organizations, Doing It, Further Challenges, Details on the High-Involvement Innovation Reference Model. | ||
| 700 | 1 |
_aBessant John _91779 |
|
| 942 | _cBK | ||
| 999 |
_c4472 _d4472 |
||